| Tag |
First Indicator |
Second Indicator |
Subfields |
| LEADER |
00000cam a2200000 a 4500 |
| 001 |
in00001487607 |
| 005 |
20151021064752.0 |
| 008 |
980521s1998 enka b 001 0 eng |
| 010 |
|
|
|a 98025236
|
| 015 |
|
|
|a GB99-00053
|
| 019 |
|
|
|a 40500091
|a 40546225
|
| 020 |
|
|
|a 0860786730 (alk. paper)
|
| 035 |
|
|
|a (OCoLC)39235665
|
| 035 |
|
|
|9 AJG6865AM
|
| 040 |
|
|
|a DLC
|c DLC
|d UKM
|d TXA
|d UtOrBLW
|
| 041 |
0 |
|
|a eng
|b lat
|
| 043 |
|
|
|a e-uk-en
|a e------
|
| 049 |
|
|
|a TXAM
|
| 050 |
0 |
0 |
|a PA8045.E5
|b T47 1998
|
| 082 |
0 |
0 |
|a 870.9/942/0902
|2 21
|
| 100 |
1 |
|
|a Thomson, Rodney M.
|
| 245 |
1 |
0 |
|a England and the 12th-century renaissance /
|c Rodney M. Thomson.
|
| 246 |
3 |
|
|a England and the twelfth-century renaissance
|
| 264 |
|
1 |
|a Aldershot, Hampshire :
|a Brookfield, Vt. :
|b Ashgate,
|c [1998]
|
| 264 |
|
4 |
|c ©1998
|
| 300 |
|
|
|a 1 volume (various pagings) :
|b illustrations ;
|c 23 cm.
|
| 336 |
|
|
|a text
|b txt
|2 rdacontent
|
| 337 |
|
|
|a unmediated
|b n
|2 rdamedia
|
| 338 |
|
|
|a volume
|b nc
|2 rdacarrier
|
| 490 |
1 |
|
|a Variorum collected studies series ;
|v CS620
|
| 500 |
|
|
|a "Variorum."
|
| 504 |
|
|
|a Includes bibliographical references (pages [1]-7) and indexes.
|
| 650 |
|
0 |
|a Latin literature, Medieval and modern
|z England
|x History and criticism.
|
| 650 |
|
0 |
|a Learning and scholarship
|x History
|y Medieval, 500-1500.
|
| 651 |
|
0 |
|a England
|x Civilization
|x European influences.
|
| 651 |
|
0 |
|a England
|x Intellectual life
|y 1066-1485.
|
| 650 |
|
0 |
|a Civilization, Medieval
|y 12th century.
|
| 650 |
|
0 |
|a Books
|z England
|x History
|y 400-1400.
|
| 650 |
|
0 |
|a Manuscripts, Medieval
|z England.
|
| 650 |
|
0 |
|a Twelfth century.
|
| 650 |
|
4 |
|a Twelfth century.
|
| 650 |
|
4 |
|a Manuscripts, Medieval
|z England.
|
| 650 |
|
4 |
|a Books
|z England
|x History
|y 400-1400.
|
| 650 |
|
4 |
|a Civilization, Medieval
|y 12th century.
|
| 650 |
|
4 |
|a Learning and scholarship
|x History
|y Medieval, 500-1500.
|
| 650 |
|
4 |
|a Latin literature, Medieval and modern
|z England
|x History and criticism.
|
| 651 |
|
4 |
|a England
|x Intellectual life
|y 1066-1485.
|
| 651 |
|
4 |
|a England
|x Civilization
|x European influences.
|
| 830 |
|
0 |
|a Collected studies ;
|v CS620.
|
| 948 |
|
|
|a c:jal
|
| 999 |
|
|
|a MARS
|
| 999 |
f |
f |
|s 3ccc753a-c013-3a55-8786-24ef3d386b01
|i 17c25d30-2d02-37f9-b321-b6ca6d5c84fd
|t 0
|
| 952 |
f |
f |
|p normal
|a Texas A&M University
|b College Station
|c Sterling C. Evans Library
|d Evans: Library Stacks
|t 0
|e PA8045.E5 T47 1998
|h Library of Congress classification
|i unmediated -- volume
|m A14824106061
|
| 998 |
f |
f |
|a PA8045.E5 T47 1998
|t 0
|l Evans: Library Stacks
|